[Event "ODJM B 2017"]
[Site "Willingen GER"]
[Date "2017.06.07"]
[Round "6"]
[White "Hoppstädter, Daniel"]
[Black "Abou Wally, Adrian"]
[Result "1-0"]
[Termination "normal"]
[Board "33"]
[WhiteElo "911"]
[BlackElo "1197"]
[PlyCount "89"]
[WhiteFideId "16243625"]
[BlackFideId "16245113"]
[EventCountry "GER"]
[EventRounds "9"]
[EventType "swiss"]
[EventDate "2017.06.03"]

1. e4 e5 2. Nf3 Nc6 3. Bc4 Bc5 4. d3 d6 5. Nc3 Bg4 6. Nd5 Nd4 7. h3 Bh5 8. g4
Bg6 9. Be3 c6 10. Nc3 a5 11. h4 h5 12. g5 b5 13. Bxd4 exd4 14. Nxb5 d5 15. Bxd5
cxd5 16. exd5 Rb8 17. Nbxd4 Rxb2 18. Nb3 Bb4+ 19. Nfd2 a4 20. Qc1 Qxd5 21. Qxb2
Qxh1+ 22. Ke2 Qxh4 23. Qxg7 Qg4+ 24. Nf3 Qe6+ 25. Kd1 Rh7 26. Qxg8+ Bf8 27. Nc5
Qg4 28. Ke2 h4 29. Re1 Qb4 30. Kf1+ Qxe1+ 31. Kxe1 Rg7 32. Qh8 Rh7 33. Qe5+ Be7
34. d4 h3 35. d5 h2 36. Nxh2 Kf8 37. Nd7+ Ke8 38. d6 Kxd7 39. Qxe7+ Kc6 40. d7
Rxh2 41. d8=Q Rh1+ 42. Kd2 Rb1 43. Qec7+ Kb5 44. Qdb8+ Ka6 45. Qca7# 1-0

[Event "ODJM B 2017"]
[Site "Willingen GER"]
[Date "2017.06.07"]
[Round "6"]
[White "Foos, Vanessa"]
[Black "Löding, Sarah-Marie"]
[Result "0-1"]
[Termination "normal"]
[Board "34"]
[WhiteElo "935"]
[BlackElo "1120"]
[PlyCount "48"]
[WhiteFideId "16245270"]
[BlackFideId "16245164"]
[EventCountry "GER"]
[EventRounds "9"]
[EventType "swiss"]
[EventDate "2017.06.03"]

1. e4 e5 2. Nf3 Nf6 3. Bc4 Nc6 4. Nc3 Nxe4 5. Nxe4 d5 6. Bxd5 Qxd5 7. d3 Bg4 8.
O-O O-O-O 9. Be3 h6 10. h3 Bh5 11. c4 Qe6 12. Bc5 f5 13. Bxf8 Rhxf8 14. Ng3 Bg6
15. Re1 e4 16. Nh4 Bh7 17. Qe2 g5 18. Nhxf5 Bxf5 19. Nxf5 Qxf5 20. g4 exd3 21.
Qe3 Qf3 22. Qd2 Qxh3 23. f4 Nd4 24. Qf2 Nf3+ 0-1

[Event "ODJM B 2017"]
[Site "Willingen GER"]
[Date "2017.06.07"]
[Round "6"]
[White "de Veer, Mara"]
[Black "Kobald, Pierre"]
[Result "0-1"]
[Termination "normal"]
[Board "36"]
[WhiteElo "1052"]
[BlackElo "1287"]
[PlyCount "56"]
[WhiteFideId "16217349"]
[BlackFideId "12983659"]
[EventCountry "GER"]
[EventRounds "9"]
[EventType "swiss"]
[EventDate "2017.06.03"]

1. e4 c5 2. Nc3 Nc6 3. g3 g6 4. Bg2 Bg7 5. d3 Nf6 6. h3 O-O 7. Be3 d6 8. Qd2
Bd7 9. f4 Qc8 10. Nge2 a6 11. a3 Rb8 12. O-O Bxh3 13. Nd1 Bd7 14. Rb1 Ng4 15.
b4 Nxe3 16. Qxe3 Nd4 17. c3 Nxe2+ 18. Qxe2 Bg4 19. Qd2 cxb4 20. cxb4 Bxd1 21.
Rfxd1 Bd4+ 22. Kf1 Qg4 23. Qe1 e5 24. fxe5 Bxe5 25. d4 Bxg3 26. Qe3 f5 27. exf5
Rxf5+ 28. Kg1 Qh4 0-1

[Event "ODJM B 2017"]
[Site "Willingen GER"]
[Date "2017.06.07"]
[Round "6"]
[White "Reichel, Sara"]
[Black "Bräutigam, Alexander"]
[Result "0-1"]
[Termination "normal"]
[Board "38"]
[WhiteElo "1154"]
[BlackElo "1039"]
[PlyCount "90"]
[WhiteFideId "16245130"]
[BlackFideId "16245210"]
[EventCountry "GER"]
[EventRounds "9"]
[EventType "swiss"]
[EventDate "2017.06.03"]

1. e4 c5 2. d4 cxd4 3. c3 dxc3 4. Nxc3 Nc6 5. Nf3 d6 6. Bc4 Nf6 7. e5 Nxe5 8.
Nxe5 dxe5 9. Bxf7+ Kxf7 10. Qxd8 e6 11. Be3 Ne4 12. Nxe4 Bb4+ 13. Bd2 Rxd8 14.
Bxb4 Rd4 15. Ng5+ Kg6 16. Bd2 Bd7 17. Nf3 Rd5 18. O-O-O Rd8 19. Bc3 e4 20. Ne5+
Kf5 21. g4+ Kf4 22. Nf7 Rc8 23. Rxd5 exd5 24. Rd1 Rc5 25. Kb1 Bxg4 26. Be5+ Kf5
27. b4 Bxd1 28. bxc5 Ke6 29. Kc1 Bh5 30. Bxg7 Kxf7 31. Bd4 Ke6 32. Kc2 Be8 33.
Kb3 Bc6 34. Kb4 a6 35. Ka5 Kf5 36. Kb4 Kg4 37. Kc3 Kh3 38. Be5 Kg2 39. Bg3 h6
40. h4 e3 41. fxe3 Kxg3 42. Kd4 Kxh4 43. Ke5 Kg4 44. Kd6 h5 45. Kc7 h4 0-1

[Event "ODJM B 2017"]
[Site "Willingen GER"]
[Date "2017.06.07"]
[Round "6"]
[White "Schulz, Paul"]
[Black "Schotthöfer, Samira"]
[Result "1/2-1/2"]
[Termination "normal"]
[Board "39"]
[WhiteElo "1001"]
[BlackElo "1113"]
[PlyCount "139"]
[WhiteFideId "16245237"]
[BlackFideId "16243455"]
[EventCountry "GER"]
[EventRounds "9"]
[EventType "swiss"]
[EventDate "2017.06.03"]

1. e4 c5 2. c3 e6 3. d4 cxd4 4. cxd4 a6 5. Nf3 Qc7 6. Nc3 b5 7. g3 Bb7 8. Bf4
Qc8 9. Bg2 Nf6 10. e5 Nd5 11. Qd2 Bb4 12. Rc1 Nxc3 13. bxc3 Be7 14. O-O Nc6 15.
Rfd1 O-O 16. Qd3 f6 17. d5 exd5 18. Qxd5+ Kh8 19. Qxd7 fxe5 20. Nxe5 Bf6 21.
Bxc6 Bxe5 22. Bxb7 Qxd7 23. Rxd7 Bxf4 24. Bxa8 Bxc1 25. Bb7 a5 26. Rd5 Bb2 27.
Rxb5 Bxc3 28. a4 Rb8 29. Rc5 Bd4 30. Rd5 Bc3 31. Kg2 h6 32. Rc5 Bd4 33. Rc4
Bxf2 34. Kxf2 Rxb7 35. Rc8+ Kh7 36. Ra8 Rb2+ 37. Kg1 Rb1+ 38. Kg2 Rb2+ 39. Kh3
Ra2 40. Rxa5 g6 41. Ra6 Kg7 42. Kg4 Rxh2 43. a5 Ra2 44. Kf3 h5 45. Kf4 Ra3 46.
Ra7+ Kh6 47. g4 Ra4+ 48. Ke5 hxg4 49. Ra8 g3 50. Kf6 Rf4+ 51. Ke5 Kg5 52. Rd8
Rf5+ 53. Ke4 Rxa5 54. Rd3 Ra4+ 55. Kf3 Rg4 56. Rd5+ Kh4 57. Kg2 Rf4 58. Rd2
Rf2+ 59. Rxf2 gxf2 60. Kxf2 g5 61. Kg2 Kg4 62. Kh2 Kf3 63. Kg1 Kg3 64. Kh1 Kf2
65. Kh2 g4 66. Kh1 Kf3 67. Kg1 Kg3 68. Kh1 Kh3 69. Kg1 g3 70. Kh1 1/2-1/2

[Event "ODJM B 2017"]
[Site "Willingen GER"]
[Date "2017.06.07"]
[Round "6"]
[White "Ludwig, Lea"]
[Black "Färber, Sophie"]
[Result "1/2-1/2"]
[Termination "normal"]
[Board "40"]
[WhiteElo "1251"]
[BlackElo "1093"]
[PlyCount "59"]
[WhiteFideId "16217381"]
[BlackFideId "16239121"]
[EventCountry "GER"]
[EventRounds "9"]
[EventType "swiss"]
[EventDate "2017.06.03"]

1. d4 d5 2. Nf3 Nf6 3. e3 Bg4 4. h3 Bh5 5. g4 Bg6 6. Ne5 e6 7. Nxg6 hxg6 8. Bd3
Bd6 9. Nd2 Nbd7 10. Qe2 Qe7 11. f4 O-O-O 12. Nf3 Ne4 13. Qg2 Bb4+ 14. c3 Nxc3
15. Bd2 Ne4 16. O-O Nxd2 17. Nxd2 Rdg8 18. Nf3 Nf6 19. Ne5 Bd6 20. Bxg6 Bxe5
21. fxe5 fxg6 22. exf6 gxf6 23. Kh2 f5 24. Rg1 Qf8 25. Raf1 Rh7 26. Rf3 Rgh8
27. gxf5 Qd6+ 28. Kh1 gxf5 29. Qg3 Qxg3 30. Rgxg3 1/2-1/2

[Event "ODJM B 2017"]
[Site "Willingen GER"]
[Date "2017.06.07"]
[Round "6"]
[White "Listing, Lara Marie"]
[Black "Köber, Simon"]
[Result "0-1"]
[Termination "normal"]
[Board "42"]
[WhiteElo "724"]
[BlackElo "1232"]
[PlyCount "136"]
[WhiteFideId "16245300"]
[BlackFideId "16245083"]
[EventCountry "GER"]
[EventRounds "9"]
[EventType "swiss"]
[EventDate "2017.06.03"]

1. e4 e5 2. Nf3 Nc6 3. Nc3 Nf6 4. Bc4 Bc5 5. Ng5 O-O 6. d3 h6 7. Nf3 d6 8. h3
b6 9. Be3 Bb4 10. Bb5 Bb7 11. Bxc6 Bxc6 12. a3 Bxc3+ 13. bxc3 Bd7 14. d4 Nxe4
15. dxe5 Qe7 16. exd6 Qxd6 17. Qxd6 cxd6 18. c4 Rac8 19. Nd2 Nxd2 20. Kxd2 Rxc4
21. Kd3 Rfc8 22. Rac1 Bf5+ 23. Kd2 Rxc2+ 24. Rxc2 Rxc2+ 25. Ke1 Ra2 26. Rh2
Rxa3 27. Bd2 Bd3 28. h4 Ra1+ 29. Bc1 Rxc1+ 30. Kd2 Rc2+ 31. Kxd3 Rxf2 32. Ke3
Rc2 33. Kf3 a5 34. Rh1 a4 35. Ra1 Rc4 36. Ke3 Rxh4 37. g3 Rc4 38. Kd3 Rc5 39.
Rxa4 g6 40. Rb4 b5 41. Rd4 Rc1 42. Rb4 Rg1 43. Rxb5 Rxg3+ 44. Kc4 Rg4+ 45. Kd3
Kg7 46. Rb6 d5 47. Rb7 h5 48. Rb1 Kh6 49. Rh1 f5 50. Ke2 Rf4 51. Ke3 Re4+ 52.
Kf2 d4 53. Rd1 g5 54. Re1 Rxe1 55. Kxe1 g4 56. Kf1 Kg5 57. Kg1 d3 58. Kf1 h4
59. Ke1 h3 60. Kd2 h2 61. Kxd3 h1=Q 62. Kd4 Qe4+ 63. Kc5 g3 64. Kb5 g2 65. Kb6
g1=Q+ 66. Kc7 Qc1+ 67. Kb6 Qb4+ 68. Ka6 Qa1# 0-1

[Event "ODJM B 2017"]
[Site "Willingen GER"]
[Date "2017.06.07"]
[Round "6"]
[White "Claussen, Carlos"]
[Black "Costa, Martina"]
[Result "1-0"]
[Termination "normal"]
[Board "43"]
[WhiteElo "864"]
[BlackElo "854"]
[PlyCount "51"]
[WhiteFideId "16245288"]
[BlackFideId "16241428"]
[EventCountry "GER"]
[EventRounds "9"]
[EventType "swiss"]
[EventDate "2017.06.03"]

1. e4 e5 2. Nf3 Nc6 3. Bc4 d6 4. Nc3 Nf6 5. d3 Nb4 6. Bg5 h6 7. Bh4 g5 8. Bg3
Nh5 9. O-O Be7 10. a3 Nc6 11. Nd5 g4 12. Nh4 Bxh4 13. Bxh4 Qxh4 14. g3 Qd8 15.
Bb5 O-O 16. Bxc6 bxc6 17. Nb4 Rb8 18. Nxc6 Qe8 19. Nxb8 Bb7 20. Qxg4+ Kh8 21.
Qxh5 Qxb8 22. Qxh6+ Kg8 23. Qg5+ Kh8 24. Rfe1 f6 25. Qg6 Rg8 26. Qh6# 1-0

[Event "ODJM B 2017"]
[Site "Willingen GER"]
[Date "2017.06.08"]
[Round "7"]
[White "Ding, Zheheng"]
[Black "Leßmann, Sönke"]
[Result "1/2-1/2"]
[Termination "normal"]
[Board "1"]
[WhiteElo "1800"]
[BlackElo "1557"]
[WhiteClock "00:01:45"]
[BlackClock "00:04:18"]
[PlyCount "174"]
[WhiteFideId "16240413"]
[BlackFideId "16222520"]
[EventCountry "GER"]
[EventRounds "9"]
[EventType "swiss"]
[EventDate "2017.06.03"]

1. f4 {[%clk 1:30:03]} 1... d5 {[%clk 1:30:27]} 2. Nf3 {[%clk 1:30:25]} 2...
Nf6 {[%clk 1:30:39]} 3. g3 {[%clk 1:30:43]} 3... b6 {[%clk 1:30:54]} 4. Bg2 {
[%clk 1:31:06]} 4... Bb7 {[%clk 1:31:17]} 5. d3 {[%clk 1:30:59]} 5... e6 {
[%clk 1:31:16]} 6. a4 {[%clk 1:28:57]} 6... c5 {[%clk 1:29:55]} 7. e3 { [%clk
1:28:04]} 7... Nc6 {[%clk 1:29:23]} 8. Nbd2 {[%clk 1:20:36]} 8... Be7 { [%clk
1:27:10]} 9. O-O {[%clk 1:20:18]} 9... O-O {[%clk 1:27:13]} 10. e4 { [%clk
1:18:57]} 10... dxe4 {[%clk 1:24:54]} 11. dxe4 {[%clk 1:19:16]} 11... Nd4
{[%clk 1:24:56]} 12. Ne5 12... Nd7 {[%clk 1:20:37]} 13. Ndc4 {[%clk 1:07:42]}
13... Nxe5 {[%clk 1:14:10]} 14. Nxe5 {[%clk 1:04:48]} 14... Qc7 {[%clk 1:10:22]
} 15. c3 {[%clk 0:58:05]} 15... Nc6 {[%clk 1:10:17]} 16. Qe2 {[%clk 0:58:32]}
16... Rad8 {[%clk 0:58:22]} 17. Rf2 {[%clk 0:39:59]} 17... Nxe5 {[%clk 0:54:04]
} 18. fxe5 {[%clk 0:40:26]} 18... f6 {[%clk 0:54:04]} 19. Qg4 {[%clk 0:24:59]}
19... fxe5 {[%clk 0:47:57]} 20. Rxf8+ {[%clk 0:24:01]} 20... Rxf8 { [%clk
0:47:47]} 21. Qxe6+ {[%clk 0:24:00]} 21... Kh8 {[%clk 0:48:03]} 22. Be3 { [%clk
0:22:13]} 22... Bc8 {[%clk 0:47:21]} 23. Qc4 {[%clk 0:20:51]} 23... Qd6 { [%clk
0:43:49]} 24. Qe2 {[%clk 0:19:52]} 24... Rd8 {[%clk 0:43:26]} 25. Rf1 { [%clk
0:14:06]} 25... Be6 {[%clk 0:42:02]} 26. Bf3 {[%clk 0:13:45]} 26... Qd3 { [%clk
0:39:47]} 27. Rd1 {[%clk 0:13:23]} 27... Qxe2 {[%clk 0:37:23]} 28. Rxd8+ {[%clk
0:13:51]} 28... Bxd8 {[%clk 0:37:42]} 29. Bxe2 {[%clk 0:14:14]} 29... Bb3
{[%clk 0:37:22]} 30. Bb5 {[%clk 0:14:18]} 30... Bc2 {[%clk 0:37:32]} 31. Bc6
{[%clk 0:14:46]} 31... Kg8 {[%clk 0:37:04]} 32. c4 {[%clk 0:14:30]} 32... Kf7
{[%clk 0:35:37]} 33. a5 {[%clk 0:10:35]} 33... Kg6 {[%clk 0:32:17]} 34. h4
{[%clk 0:10:33]} 34... Kh5 {[%clk 0:31:15]} 35. Kg2 {[%clk 0:08:14]} 35... Bd3
{[%clk 0:28:38]} 36. Bd5 {[%clk 0:03:28]} 36... Be7 {[%clk 0:26:11]} 37. axb6 {
[%clk 0:03:42]} 37... axb6 {[%clk 0:26:33]} 38. Kf3 {[%clk 0:01:18]} 38... Kg6
{[%clk 0:22:35]} 39. Bf2 {[%clk 0:00:53]} 39... h5 {[%clk 0:17:23]} 40. Be3 {
[%clk 0:01:06]} 40... Bd8 {[%clk 0:10:50]} 41. Kf2 {[%clk 0:22:05]} 41... Be7 {
[%clk 0:34:11]} 42. Ke1 {[%clk 0:22:18]} 42... b5 {[%clk 0:30:49]} 43. cxb5 {
[%clk 0:20:46]} 43... Bxb5 {[%clk 0:31:11]} 44. b3 {[%clk 0:20:55]} 44... Be8 {
[%clk 0:30:48]} 45. Kd2 {[%clk 0:20:24]} 45... Bd6 {[%clk 0:26:19]} 46. Kc3 {
[%clk 0:20:17]} 46... Bb5 {[%clk 0:26:42]} 47. Bg5 {[%clk 0:17:36]} 47... Bf8 {
[%clk 0:23:21]} 48. Bc4 {[%clk 0:14:55]} 48... Bc6 {[%clk 0:22:55]} 49. Kd3 {
[%clk 0:15:00]} 49... Bd6 {[%clk 0:22:44]} 50. Be6 {[%clk 0:09:49]} 50... Bb5+
{[%clk 0:20:05]} 51. Ke3 {[%clk 0:10:00]} 51... Be8 {[%clk 0:17:30]} 52. Kf3 {
[%clk 0:07:41]} 52... Kh7 {[%clk 0:15:22]} 53. g4 {[%clk 0:07:16]} 53... g6 {
[%clk 0:15:37]} 54. Bf6 {[%clk 0:07:17]} 54... Kh6 {[%clk 0:11:18]} 55. Bg8 {
[%clk 0:04:58]} 55... hxg4+ {[%clk 0:11:26]} 56. Kxg4 {[%clk 0:05:27]} 56...
Bd7+ {[%clk 0:11:44]} 57. Kf3 {[%clk 0:05:42]} 57... Bb5 {[%clk 0:10:30]} 58.
Ke3 {[%clk 0:05:08]} 58... Bd7 {[%clk 0:09:49]} 59. Kd2 {[%clk 0:04:56]} 59...
Bc6 {[%clk 0:09:36]} 60. Ke3 {[%clk 0:04:12]} 60... Bd7 {[%clk 0:09:38]} 61.
Bc4 {[%clk 0:04:20]} 61... Bc6 {[%clk 0:09:44]} 62. Ba6 {[%clk 0:04:17]} 62...
Bd7 {[%clk 0:09:42]} 63. Kd2 {[%clk 0:03:32]} 63... Bc6 {[%clk 0:09:45]} 64.
Kd3 {[%clk 0:04:00]} 64... Kh5 {[%clk 0:09:31]} 65. Bc8 {[%clk 0:02:17]} 65...
Bb5+ {[%clk 0:09:28]} 66. Ke3 {[%clk 0:02:20]} 66... Be8 {[%clk 0:09:14]} 67.
Kf3 {[%clk 0:02:08]} 67... Kh6 {[%clk 0:06:10]} 68. Ba6 {[%clk 0:01:54]} 68...
Bf7 {[%clk 0:04:56]} 69. Bc4 {[%clk 0:02:10]} 69... Be8 {[%clk 0:05:20]} 70.
Bd3 {[%clk 0:02:22]} 70... Bf7 {[%clk 0:05:35]} 71. Bc2 {[%clk 0:02:50]} 71...
Be6 {[%clk 0:05:37]} 72. Ke3 {[%clk 0:02:35]} 72... Bf7 {[%clk 0:05:16]} 73.
Kd2 {[%clk 0:02:57]} 73... Be6 {[%clk 0:05:10]} 74. Kc3 {[%clk 0:03:13]} 74...
Bf7 {[%clk 0:05:00]} 75. Kb2 {[%clk 0:03:12]} 75... Be8 {[%clk 0:04:52]} 76.
Bd3 {[%clk 0:02:49]} 76... Bd7 {[%clk 0:04:41]} 77. Be2 {[%clk 0:02:41]} 77...
Bc6 {[%clk 0:04:42]} 78. Bf3 {[%clk 0:01:20]} 78... Bd7 {[%clk 0:04:34]} 79.
Bg5+ {[%clk 0:00:45]} 79... Kg7 {[%clk 0:04:33]} 80. Kc3 {[%clk 0:00:56]} 80...
Bb5 {[%clk 0:04:28]} 81. Bd1 {[%clk 0:01:17]} 81... Bc6 {[%clk 0:04:18]} 82.
Bc2 {[%clk 0:01:45]} 82... Bb5 83. Bd3 Bd7 84. Bc4 Bc6 85. Bd5 Bb5 86. Bc4 Bc6
87. Bd5 Bb5 1/2-1/2

[Event "ODJM B 2017"]
[Site "Willingen GER"]
[Date "2017.06.08"]
[Round "7"]
[White "Thorz, Maximilian"]
[Black "Reyher, Susan"]
[Result "1-0"]
[Termination "normal"]
[Board "2"]
[WhiteElo "1596"]
[BlackElo "1715"]
[WhiteClock "00:54:41"]
[BlackClock "00:16:33"]
[PlyCount "115"]
[WhiteFideId "16220668"]
[BlackFideId "24686107"]
[EventCountry "GER"]
[EventRounds "9"]
[EventType "swiss"]
[EventDate "2017.06.03"]

1. d4 {[%clk 1:30:42]} 1... d5 {[%clk 1:30:10]} 2. c4 {[%clk 1:30:34]} 2...
dxc4 {[%clk 1:30:14]} 3. Nf3 {[%clk 1:30:36]} 3... Nf6 {[%clk 1:30:23]} 4. Nc3
{[%clk 1:30:37]} 4... a6 {[%clk 1:29:23]} 5. a4 {[%clk 1:28:20]} 5... Bf5 {
[%clk 1:26:51]} 6. Bf4 {[%clk 1:27:33]} 6... e6 {[%clk 1:26:59]} 7. e3 { [%clk
1:21:25]} 7... Nbd7 {[%clk 1:20:43]} 8. Bxc4 {[%clk 1:21:35]} 8... Nb6 { [%clk
1:17:42]} 9. Bb3 {[%clk 1:16:09]} 9... Bd6 {[%clk 1:16:25]} 10. Bg3 { [%clk
1:11:13]} 10... Bxg3 {[%clk 1:16:07]} 11. hxg3 {[%clk 1:10:15]} 11... O-O
{[%clk 1:15:48]} 12. Nh4 {[%clk 1:07:47]} 12... Be4 {[%clk 1:06:50]} 13. Nxe4 {
[%clk 1:04:57]} 13... Nxe4 {[%clk 1:06:39]} 14. Bc2 {[%clk 1:04:47]} 14... Nf6
{[%clk 1:05:56]} 15. Nf3 {[%clk 1:04:22]} 15... Qe7 {[%clk 1:05:01]} 16. Qd3 {
[%clk 0:53:13]} 16... g6 {[%clk 1:01:37]} 17. O-O {[%clk 0:50:05]} 17... Rad8 {
[%clk 1:01:27]} 18. Qa3 {[%clk 0:45:28]} 18... Qxa3 {[%clk 0:48:02]} 19. Rxa3 {
[%clk 0:45:45]} 19... Nc4 {[%clk 0:42:36]} 20. Rc3 {[%clk 0:44:26]} 20... b5 {
[%clk 0:39:56]} 21. axb5 {[%clk 0:38:27]} 21... axb5 {[%clk 0:39:51]} 22. e4 {
[%clk 0:32:29]} 22... c6 {[%clk 0:29:23]} 23. b4 {[%clk 0:30:23]} 23... Nd7 {
[%clk 0:27:46]} 24. Rd1 {[%clk 0:29:28]} 24... Ndb6 {[%clk 0:27:51]} 25. Ne5 {
[%clk 0:28:31]} 25... Nxe5 {[%clk 0:25:51]} 26. dxe5 {[%clk 0:28:59]} 26...
Rxd1+ {[%clk 0:25:31]} 27. Bxd1 {[%clk 0:29:28]} 27... Rc8 {[%clk 0:22:31]} 28.
Bb3 {[%clk 0:28:59]} 28... Nd7 {[%clk 0:22:25]} 29. f4 {[%clk 0:29:15]} 29...
c5 {[%clk 0:22:47]} 30. bxc5 {[%clk 0:29:18]} 30... Rxc5 {[%clk 0:21:48]} 31.
Rxc5 {[%clk 0:28:48]} 31... Nxc5 {[%clk 0:19:32]} 32. Bc2 {[%clk 0:29:07]}
32... Kf8 {[%clk 0:18:16]} 33. Kf2 {[%clk 0:29:17]} 33... Ke7 {[%clk 0:16:50]}
34. Ke3 {[%clk 0:28:55]} 34... Kd7 {[%clk 0:16:09]} 35. Kd4 {[%clk 0:27:57]}
35... Kc6 {[%clk 0:16:30]} 36. g4 {[%clk 0:27:54]} 36... Nd7 {[%clk 0:14:00]}
37. g3 {[%clk 0:27:57]} 37... Nf8 {[%clk 0:12:23]} 38. g5 {[%clk 0:27:29]}
38... Kb6 {[%clk 0:11:29]} 39. g4 {[%clk 0:27:31]} 39... Kc6 {[%clk 0:09:49]}
40. Bb3 {[%clk 0:27:41]} 40... Kd7 {[%clk 0:08:30]} 41. Kc5 {[%clk 0:27:58]}
41... Ke7 {[%clk 0:08:45]} 42. Kxb5 {[%clk 0:28:10]} 42... Nd7 {[%clk 0:08:52]}
43. Ba4 {[%clk 0:27:04]} 43... Kd8 {[%clk 0:05:10]} 44. Kc6 {[%clk 0:26:43]}
44... Ke7 {[%clk 0:05:27]} 45. Bb5 {[%clk 0:26:23]} 45... Kd8 {[%clk 0:04:46]}
46. Ba6 {[%clk 0:24:09]} 46... Nb8+ {[%clk 0:04:43]} 47. Kb5 {[%clk 0:23:39]}
47... Nd7 {[%clk 0:04:34]} 48. Bb7 {[%clk 0:23:18]} 48... Nb8 {[%clk 0:03:24]}
49. Bc6 {[%clk 0:23:22]} 49... Ke7 {[%clk 0:26:15]} 50. Kb6 {[%clk 0:53:53]}
50... Nxc6 51. Kxc6 {[%clk 0:53:20]} 51... Kf8 {[%clk 0:25:57]} 52. Kd7 { [%clk
0:53:29]} 52... Kg7 {[%clk 0:26:13]} 53. Ke7 {[%clk 0:53:37]} 53... Kg8 { [%clk
0:21:20]} 54. f5 {[%clk 0:53:57]} 54... exf5 {[%clk 0:21:26]} 55. exf5 { [%clk
0:53:49]} 55... Kg7 {[%clk 0:19:14]} 56. e6 {[%clk 0:54:05]} 56... h5 { [%clk
0:16:19]} 57. f6+ {[%clk 0:54:19]} 57... Kh7 {[%clk 0:16:33]} 58. exf7 { [%clk
0:54:41]} 1-0

[Event "ODJM B 2017"]
[Site "Willingen GER"]
[Date "2017.06.08"]
[Round "7"]
[White "Cheredzhiyska, Iva"]
[Black "Strohschneider, Leon"]
[Result "1-0"]
[Termination "normal"]
[Board "4"]
[WhiteElo "1091"]
[BlackElo "1302"]
[WhiteClock "00:40:56"]
[BlackClock "00:29:31"]
[PlyCount "107"]
[WhiteFideId "16241622"]
[BlackFideId "16211634"]
[EventCountry "GER"]
[EventRounds "9"]
[EventType "swiss"]
[EventDate "2017.06.03"]

1. e4 {[%clk 1:30:58]} 1... d5 {[%clk 1:30:53]} 2. exd5 {[%clk 1:31:23]} 2...
Qxd5 {[%clk 1:31:16]} 3. Nc3 {[%clk 1:31:44]} 3... Qd8 {[%clk 1:31:32]} 4. Nf3
{[%clk 1:32:00]} 4... Nf6 {[%clk 1:31:42]} 5. d4 {[%clk 1:31:32]} 5... Bg4 {
[%clk 1:31:46]} 6. Be3 {[%clk 1:31:28]} 6... e6 {[%clk 1:31:45]} 7. h3 { [%clk
1:30:54]} 7... Bxf3 {[%clk 1:31:54]} 8. Qxf3 {[%clk 1:30:53]} 8... c6 { [%clk
1:31:49]} 9. Bc4 {[%clk 1:30:45]} 9... Be7 {[%clk 1:31:15]} 10. Qg3 { [%clk
1:29:53]} 10... Rg8 {[%clk 1:27:55]} 11. O-O-O {[%clk 1:27:04]} 11... Nbd7
{[%clk 1:27:07]} 12. Rhe1 {[%clk 1:24:00]} 12... Nd5 {[%clk 1:18:56]} 13. Nxd5
{[%clk 1:23:21]} 13... cxd5 {[%clk 1:18:56]} 14. Bb3 {[%clk 1:22:32]} 14... Qb6
{[%clk 1:17:04]} 15. Kb1 {[%clk 1:21:22]} 15... O-O-O {[%clk 1:09:03] } 16. Bf4
{[%clk 1:18:19]} 16... Nf6 {[%clk 1:08:36]} 17. Qe3 {[%clk 1:15:36]} 17... Bd6
{[%clk 1:05:20]} 18. Qc3+ {[%clk 1:07:20]} 18... Kb8 {[%clk 1:03:36]} 19. Qe3
{[%clk 1:02:13]} 19... Rd7 {[%clk 0:57:40]} 20. Rd3 {[%clk 0:56:58]} 20... Rc8
{[%clk 0:55:16]} 21. Bxd6+ {[%clk 0:53:54]} 21... Qxd6 { [%clk 0:55:06]} 22.
Re2 {[%clk 0:52:46]} 22... Rdc7 {[%clk 0:53:09]} 23. Ba4 { [%clk 0:50:11]}
23... Rc4 {[%clk 0:40:07]} 24. Bb3 {[%clk 0:47:32]} 24... R4c7 {[%clk 0:39:54]}
25. Qg5 {[%clk 0:45:06]} 25... Rg8 {[%clk 0:37:44]} 26. f3 { [%clk 0:44:13]}
26... h6 {[%clk 0:37:15]} 27. Qd2 {[%clk 0:42:20]} 27... Nh5 { [%clk 0:34:35]}
28. Re5 {[%clk 0:40:13]} 28... Nf6 {[%clk 0:34:09]} 29. Ba4 29... Rc4 {[%clk
0:31:26]} 30. Ra3 {[%clk 0:37:43]} 30... Qb6 {[%clk 0:29:28]} 31. c3 {[%clk
0:36:06]} 31... Rgc8 {[%clk 0:26:18]} 32. Bc2 {[%clk 0:34:56]} 32... Qd6 {[%clk
0:24:10]} 33. Bd3 {[%clk 0:34:31]} 33... R4c6 {[%clk 0:23:43]} 34. Qc2 {[%clk
0:32:42]} 34... Rb6 {[%clk 0:23:07]} 35. Qa4 {[%clk 0:31:20]} 35... a6 {[%clk
0:22:59]} 36. Rb3 {[%clk 0:31:03]} 36... Rxb3 {[%clk 0:19:50]} 37. Qxb3 {[%clk
0:31:21]} 37... Nd7 {[%clk 0:19:51]} 38. Re1 {[%clk 0:29:43]} 38... Rc6 {[%clk
0:19:17]} 39. Rc1 {[%clk 0:26:17]} 39... Rb6 {[%clk 0:18:24]} 40. Qc2 {[%clk
0:26:05]} 40... e5 {[%clk 0:17:34]} 41. Qf2 {[%clk 0:25:47]} 41... f6 {[%clk
0:15:19]} 42. Ka1 {[%clk 0:25:28]} 42... exd4 {[%clk 0:09:35]} 43. Qxd4 {[%clk
0:25:38]} 43... Ne5 {[%clk 0:09:34]} 44. Be2 {[%clk 0:24:15]} 44... Qc6 {[%clk
0:07:55]} 45. Rd1 {[%clk 0:23:32]} 45... Nc4 {[%clk 0:07:22]} 46. Bxc4 {[%clk
0:21:23]} 46... dxc4 {[%clk 0:07:37]} 47. Qf4+ {[%clk 0:21:20]} 47... Ka7
{[%clk 0:07:47]} 48. Rd8 {[%clk 0:20:15]} 48... a5 {[%clk 0:07:11]} 49. Qb8+
{[%clk 0:18:17]} 49... Ka6 {[%clk 0:07:23]} 50. Qf4 {[%clk 0:15:41]} 50... Qc5
{[%clk 0:06:58]} 51. a4 {[%clk 0:14:52]} 51... Rb3 {[%clk 0:02:44]} 52. Rd7
{[%clk 0:10:22]} 52... Qg1+ {[%clk 0:01:57]} 53. Ka2 {[%clk 0:10:44]} 53... Qb6
{[%clk 0:29:31]} 54. Qxc4+ {[%clk 0:40:56]} 1-0